| 000 | 01020 a2200169 4500 | ||
|---|---|---|---|
| 003 | Nust | ||
| 005 | 20230124143413.0 | ||
| 040 | _cNust | ||
| 082 | _a809.9,DOR | ||
| 100 |
_aDoren,Mark Van _9107533 |
||
| 245 |
_aShakespeare / _cMark Van Doren |
||
| 260 |
_aLondon _bGeorge Allen |
||
| 300 | _a344:p | ||
| 505 | _aIntroduction (Page-1), Poems (Page-7), Henry (Page-17), Richard (Page-28), Titus Andronicus (Page-38), The Comedy of Errors (Page-44), The Taming of The Shrew (Page-48), The Two Gentleman o f Verona (Page-53), Romeo and Juliet (Page-65), A Midsummer Night (Page-76), The Merchant of Venice (Page-96), King John (Page-106), The Merry Wives of Windsor (Page-136), As You Like It (Page-151), Twelfth Night (Page-161), Julius and Cressida (Page-202), Measure for Measure (Page-217), Othello (Page-225), King Lear (Page-238), Antony and Cleopatra (Page-267), Coriolanus (Page-282), Cymbeline (Page-303), The Winter Tale (Page-313), The Tempest (Page-322). | ||
| 650 |
_aShakespeare _958357 |
||
| 942 |
_2ddc _cBK |
||
| 999 |
_c186773 _d186773 |
||